000 00582nam a2200181Ia 4500
005 20250619164253.0
008 008 250516s9999 xx 000 0 eng d
020 _a9783031534096
040 _beng
_cSDCL
041 _aeng
_2eng
084 _aX:(G:55)'P R4
245 0 _aEconomic resurgence in ASEAN :
_bNavigating convergence, innovation, and trade for enhanced productivity
260 _aSwitzerland :
_bPalgrave Macmillan,
_c2024.
300 _axii, 172p.
650 _aBusiness Economics and Finance
700 _aHastiadi, Fithra Faisal
_9813471
942 _cTEXL
_2CC
999 _c1430798
_d1430798